<?xml version="1.0" encoding="UTF-8"?>
<record
    xmlns:xsi="http://www.w3.org/2001/XMLSchema-instance"
    xsi:schemaLocation="http://www.loc.gov/MARC21/slim http://www.loc.gov/standards/marcxml/schema/MARC21slim.xsd"
    xmlns="http://www.loc.gov/MARC21/slim">

  <leader>00221nam a2200085   4500</leader>
  <controlfield tag="001">1244299</controlfield>
  <controlfield tag="005">20251020115501.0</controlfield>
  <datafield tag="245" ind1=" " ind2=" ">
    <subfield code="a">&#x15E;U HORTUMLU D&#xDC;NYADA F&#x130;L YALNIZ B&#x130;R HAYVANDIR-2</subfield>
    <subfield code="c">AHMET &#x15E;ER&#x130;F &#x130;ZG&#xD6;REN</subfield>
  </datafield>
  <datafield tag="260" ind1=" " ind2=" ">
    <subfield code="b">ELMA</subfield>
  </datafield>
  <datafield tag="999" ind1=" " ind2=" ">
    <subfield code="c">1244299</subfield>
    <subfield code="d">1244299</subfield>
  </datafield>
  <datafield tag="952" ind1=" " ind2=" ">
    <subfield code="0">0</subfield>
    <subfield code="1">0</subfield>
    <subfield code="2">ddc</subfield>
    <subfield code="4">0</subfield>
    <subfield code="7">0</subfield>
    <subfield code="a">1071</subfield>
    <subfield code="b">1071</subfield>
    <subfield code="d">2025-10-20</subfield>
    <subfield code="l">0</subfield>
    <subfield code="o">C2</subfield>
    <subfield code="p">10716245</subfield>
    <subfield code="r">2025-10-20 11:55:11</subfield>
    <subfield code="w">2025-10-20</subfield>
    <subfield code="y">BK</subfield>
  </datafield>
</record>
